000 01301cam a22003613a 4500
001 1178
005 20250619152147.0
020 _a9780590424998 (pbk.)
020 _a9780590439732
020 _a0590424998 (pbk.)
020 _a0590439731
040 _aVPL
_cVPL
_dOCL
_dOCLCQ
_dBTCTA
_dYDXCP
_dOCLCG
_dGRR
_dAU@
_dVVW
_dXY4
_dNOB
_dBAKER
_dZRS
_dNZHWP
_dW6R
_dDLC
_beng
050 0 0 _aPZ7.G6578
082 _aFic
100 1 _aMartin, Ann M.
_d1955-
245 1 0 _aBaby-sitters' winter vacation /
_cAnn M. Martin.
260 _aNew York :
_bScholastic,
_c1989
300 _a230 pages :
_billustrations ;
_c20 cm
490 1 _aBaby-sitters club super special ;
_v03
490 0 _aApple Paperback
490 0 _aAmerica's Favorite Series!
500 _a"An Apple paperback."
505 _aR
520 _aWhen Jack Frost arrives, the members of the Baby-Sitters Club head for the snow-covered mountains with their skis, skates, snowsuits, and boots in tow, on the lookout for winter fun and male skiers.
521 8 _a760
_bLexile
521 8 _aR
_bRaz-Plus
650 0 _aBabysitters
_vJuvenile fiction.
650 1 _aBaby sitters
_vFiction.
650 1 _aGirls
_vFiction.
650 1 _aGirl's club
_vFiction.
906 _a7
_bcbc
_ccopycat
_d2
_encip
_f20
_gy-genrareb
942 _2ddc
_cBK
_n0
999 _c1178
_d1178